| 000 | 00419nam a22001457a 4500 | ||
|---|---|---|---|
| 082 |
_a823 _bVIJ/M |
||
| 100 | _aA DHARMENDRA PRESENTATION | ||
| 245 |
_aTHE MRTYRDOM OF BHAGAT SINGH _bFREEDOM STRUGGLE STORY |
||
| 246 |
_aTHE MRTYRDOM OF BHAGAT SINGH _bFREEDOM STRUGGLE STORY |
||
| 260 |
_aMUMBAI _bEGMONT IMAGINATI0N |
||
| 300 | _a34 | ||
| 520 | _aFREEDOM STRUGGLE STORY | ||
| 650 | _aFREEDOM STRUGGLE STORY | ||
| 942 | _cBK | ||
| 999 |
_c2169 _d2169 |
||